| 000 | 01400nam0a2200337 4500 | ||
|---|---|---|---|
| 001 | RU\NLR\BIBL_A\022530842 | ||
| 005 | 20250711152819.0 | ||
| 010 |
_a978-5-04-200863-4 _92000 |
||
| 021 |
_aRU _bКН-П-25-014049 _9КН-П-25-1430 |
||
| 035 | _a(NLR Aleph) 022530842 | ||
| 090 |
_a13453096 _c13453096 |
||
| 100 | _a20250425d2025 u y0rusy50 ca | ||
| 101 | 1 |
_arus _cund |
|
| 102 | _aRU | ||
| 105 | _aa z 000zy | ||
| 181 | 0 |
_ai3 _baxxe |
|
| 182 | 0 | _an | |
| 200 | 1 |
_aТвои железные яйца _eкак решительность и настойчивость помогают достичь самых амбициозных целей _fМоника Бордо _g[перевод А. А. Спиридоновой] |
|
| 203 |
_aТекст _bвизуальный _cнепосредственный |
||
| 210 |
_aМосква _cЭксмо, Бомбора _d2025 |
||
| 215 |
_a284 с. _cил., табл. _d20 |
||
| 225 | 1 | _aТренировка разума | |
| 300 | _aНа обороте тит. с. авт.: М. Бордо, нейропсихолог | ||
| 333 | _a16+ | ||
| 606 | 1 |
_aКонсультативная психология _jПопулярные издания _91365555 _3RU\NLR\AUTH\66571704 |
|
| 686 | 1 | _aЮ949.2я9 | |
| 700 | 1 |
_aБордо _bМ. _gМоника |
|
| 942 | _cBOOK | ||
| 980 | _aNB | ||